LEADER 01070nam a2200265 4500 001 000000361873 003 CaOOAMICUS 005 20250228101510.0 008 250228s2025 it 000 u ita r 020 $a979-12-81351-10-3 040 $aSeMil$bita 100 1 $aCimini, Amelio.$0(OLS)http://semarc/name/121570 245 10$aIn cammino :$b50 anni di poesia in musica /$cAmelio Cimini ; a cura di Marco Zelioli. 264 1$aMilano :$bGuido Miano,$c2025. 300 $a63 p. ;$c21 cm 490 1 $aAlcyone 2000 700 1 $aZelioli, Marco,$d<1951- >.$0(OLS)http://semarc/name/117211 830 0$aAlcyone 2000.$0(OLS)http://semarc/title/452704 850 $aSeMil 852 $aSeMil$W1$xVenegono$y1$m1C II 349$j254980$B252814$CSeMilBibl$Z2$F252814 $81 961 $aOmaggio Editore 996 $6020$a979-12-81351-10-3$9(OLS)http://semarc/number/302583 996 $6245$aIn cammino :$b50 anni di poesia in musica$9(OLS)http://semarc/title/452703 996 $6264$aMilano :$bGuido Miano$9(OLS)http://semarc/publisher/35316 LEADER 01108nas a2200217 i 4500 001 000000192514 003 CaOOAMICUS 005 20180921155155.0 008 100921b1913 it uu u0 0ita r 013 $a171097 040 $aSeMil$bita 245 10$aOmelia del secondo secolo intitolata anticamente seconda lettera di Clemente ai cristiani /$cVersione italiana di P. Gazzola. 260 $aGenova :$bAmministrazione del periodico I Padri della Chiesa,$c1913. 300 $a45 p. ;$c24 cm. 700 1 $aGazzola, Piero.$0(OLS)http://semarc/name/64278 773 0 $tPadri della Chiesa.$dLuogo non identificato : Genova : Amministrazione ; [poi] Amministrazione del periodico "I Padri della Chiesa", 1912-[19--?]$w()23778 850 $aSeMil 852 $aSeMil$W1$xVenegono$y1$m2U V 61$j143089$B143089$CSeMilBibl$Z2$F154474 $81 996 $6245$aOmelia del secondo secolo intitolata anticamente seconda lettera di Clemente ai cristiani$9(OLS)http://semarc/title/277469 996 $6260$aGenova :$bAmministrazione del periodico I Padri della Chiesa$9(OLS)http://semarc/publisher/50397